At the edges of vision : (Record no. 24311)

000 -LEADER
fixed length control field 01518cam a2200349 a 4500
001 - CONTROL NUMBER
control field 15323801
003 - CONTROL NUMBER IDENTIFIER
control field OSt
005 - DATE AND TIME OF LATEST TRANSACTION
control field 20170128105828.0
008 - FIXED-LENGTH DATA ELEMENTS--GENERAL INFORMATION
fixed length control field 080610s2008 enka b 001 0 eng
010 ## - LIBRARY OF CONGRESS CONTROL NUMBER
LC control number 2008025887
020 ## - INTERNATIONAL STANDARD BOOK NUMBER
International Standard Book Number 9780754640738 (hardcover : alk. paper)
020 ## - INTERNATIONAL STANDARD BOOK NUMBER
International Standard Book Number 0754640736 (hardcover : alk. paper)
035 ## - SYSTEM CONTROL NUMBER
System control number (OCoLC)232358088
035 ## - SYSTEM CONTROL NUMBER
System control number (OCoLC)ocn232358088
040 ## - CATALOGING SOURCE
Original cataloging agency DLC
Transcribing agency DLC
Modifying agency BTCTA
-- BAKER
-- BWKUK
-- BWK
-- NLGGC
-- YDXCP
-- BWX
-- CDX
-- IXA
-- DLC
050 00 - LIBRARY OF CONGRESS CALL NUMBER
Classification number NX220
Item number .V35 2008
082 00 - DEWEY DECIMAL CLASSIFICATION NUMBER
Classification number 700.1
Edition number 22
084 ## - OTHER CLASSIFICATION NUMBER
Classification number 20.02
Number source bcl
100 1# - MAIN ENTRY--PERSONAL NAME
Personal name Vall, Renée van de,
Dates associated with a name 1956-
245 10 - TITLE STATEMENT
Title At the edges of vision :
Remainder of title a phenomenological aesthetics of contemporary spectatorship /
Statement of responsibility, etc. Renée van de Vall.
260 ## - PUBLICATION, DISTRIBUTION, ETC. (IMPRINT)
Place of publication, distribution, etc. Aldershot, England ;
-- Burlington, VT :
Name of publisher, distributor, etc. Ashgate,
Date of publication, distribution, etc. c2008.
300 ## - PHYSICAL DESCRIPTION
Extent x, 179 p. :
Other physical details ill. ;
Dimensions 25 cm.
440 #0 - SERIES STATEMENT/ADDED ENTRY--TITLE
Title Histories of vision
504 ## - BIBLIOGRAPHY, ETC. NOTE
Bibliography, etc Includes bibliographical references (p. [169]-174) and index.
650 #0 - SUBJECT ADDED ENTRY--TOPICAL TERM
Topical term or geographic name as entry element Arts audiences
General subdivision Psychology.
650 #0 - SUBJECT ADDED ENTRY--TOPICAL TERM
Topical term or geographic name as entry element Art appreciation.
650 #0 - SUBJECT ADDED ENTRY--TOPICAL TERM
Topical term or geographic name as entry element Visual communication.
650 #0 - SUBJECT ADDED ENTRY--TOPICAL TERM
Topical term or geographic name as entry element Aesthetics.
856 41 - ELECTRONIC LOCATION AND ACCESS
Materials specified Table of contents only
Uniform Resource Identifier <a href="http://www.loc.gov/catdir/toc/ecip0821/2008025887.html">http://www.loc.gov/catdir/toc/ecip0821/2008025887.html</a>
906 ## - LOCAL DATA ELEMENT F, LDF (RLIN)
a 7
b cbc
c orignew
d 1
e ecip
f 20
g y-gencatlg
942 ## - ADDED ENTRY ELEMENTS (KOHA)
Source of classification or shelving scheme
Koha item type Hard Covered Materials
Classification part NX 220 .V35 2008
Holdings
Withdrawn status Lost status Source of classification or shelving scheme Damaged status Not for loan Home library Current library Shelving location Date acquired Source of acquisition Total Checkouts Full call number Barcode Date last seen Price effective from Koha item type
          MACHAKOS UNIVERSITY LIBRARY MACHAKOS UNIVERSITY LIBRARY Technical section 28/01/2017 Donation (BFA)   NX 220 .V35 2008 32573 31/05/2018 28/01/2017 Hard Covered Materials
© Machakos University Library, Along The Highway, Machakos Wote Rd, Machakos, Kenya P.O. Box 136 - 90100 Machakos - Kenya

Tel: ( +254 ) 723 805829 OR Fax : 044-20353 OR Email: library@mksu.ac.ke